[Event "GER-ch Youth U14 2020"]
[Site "Willingen"]
[Date "2020.10.23"]
[Round "5.17"]
[White "Klühs, Gustaf"]
[Black "Meuer, David"]
[Result "1/2-1/2"]
[WhiteElo "1827"]
[BlackElo "1632"]
[Annotator "NA RC"]
[PlyCount "119"]
[EventDate "2020.10.20"]
[EventType "swiss"]
[EventRounds "7"]
[EventCountry "GER"]
[SourceTitle "playchess.com"]
[Source "ChessBase"]
[SourceQuality "1"]
[TimeControl "40/5400+30:1800+30"]

{[%evp 10,119,0,-11,32767,32767,32767,32767,32767,-19,-9,32767,32767,32767,0,0,7,-12,0,-24,-16,-35,0,-26,0,-9,-2,-2,85,82,32767,60,116,112,119,141,360,360,32767,32767,32767,32767,32767,32767,32767,32767,32767,32767,32767,32767,297,292,261,295,299,296,289,297,405,151,197,158,583,32767,32767,32767,32767,32767,720,747,32767,854,1056,32767,32767,32767,32767,0,0,0,32767,32767,32767,32767,32767,32767,32767,32767,-27,32767,32767,32767,32767,32767,32767,32767,32767,32767,32767,32767,0,-70,-70,-65,32767,-68,32767,-121,-45,-52,0,-16]} 1. e4 {[%emt 0:00:00]} e6 {[%emt 0:00:00]} 2. d3 {[%emt 0:00:00]} d5 {[%emt 0:00:00]} 3. Nd2 {[%emt 0:00:00]} Nf6 {[%emt 0:00:00]} 4. Ngf3 {[%emt 0:00:00]} Nc6 {[%emt 0:01:20]} 5. g3 {[%emt 0:01:22]} dxe4 {[%emt 0:01:53]} 6. dxe4 {[%emt 0:00:08]} Bc5 {[%emt 0:00:53]} 7. Bg2 {[%emt 0:01:20]} e5 {[%emt 0:00:56]} 8. O-O {[%emt 0:00:20]} O-O {[%emt 0:00:43]} 9. c3 {[%emt 0:02:50]} a5 {[%emt 0:02:09]} 10. Qc2 {[%emt 0:01:31]} b6 {[%emt 0:01:03]} 11. Nb3 {[%emt 0:01:48] C00: French: Unusual White 2nd moves.} Bd6 {[%emt 0:12:22]} 12. Rd1 {[%emt 0:03:30]} Qe7 {[%emt 0:01:52]} 13. h3 {[%emt 0:05:36]} Ba6 {[%emt 0:07:01]} 14. a4 {[%emt 0:04:09] [#]} Rfd8 $146 {[%emt 0:04:35]} ({Predecessor:} 14... Rad8 15. Be3 Nd7 16. Rd2 Nc5 17. Rad1 Ne6 18. Bf1 Bxf1 19. Kxf1 f6 20. Kg2 g6 {0-1 (42) Carlo,D (2100)-Cordero,D (2063) La Paz 2020}) 15. Be3 {[%emt 0:03:32]} h6 {[%emt 0:10:37]} 16. Nh4 {[%emt 0:00:15]} Bc8 {[%emt 0:03:58]} 17. Rd2 {[%emt 0:01:30]} Be6 {[%emt 0:01:35]} 18. Rad1 {[%emt 0:00:25]} Bxb3 {[%emt 0:15:38]} (18... Qe8 $11 {keeps the balance.}) 19. Qxb3 {[%emt 0:00:15]} Bc5 {[%emt 0:00:21]} 20. Nf5 {[%emt 0:01:16]} Qf8 {[%emt 0:00:36] [#]} 21. Qb5 $1 {[%emt 0:03:12]} Bxe3 {[%emt 0:01:26]} 22. Nxe3 {[%emt 0:01:09]} Qe8 $2 {[%emt 0:03:34] [#]} (22... Rxd2 $16 {keeps fighting.} 23. Rxd2 Qc5) 23. Nd5 $1 {[%emt 0:09:08]} Nxd5 {[%emt 0:02:53]} 24. exd5 {[%emt 0:00:44]} Na7 {[%emt 0:01:53]} 25. Qxe8+ {[%emt 0:00:10]} Rxe8 {[%emt 0:00:04]} 26. d6 {[%emt 0:00:04]} c6 {[%emt 0:00:10]} 27. d7 {[%emt 0:00:16]} Red8 {[%emt 0:00:06]} 28. Rd6 {[%emt 0:00:17]} Rab8 {[%emt 0:00:48]} 29. Bxc6 {[%emt 0:00:19]} Nxc6 {[%emt 0:00:05]} 30. Rxc6 {[%emt 0:00:08]} Kf8 {[%emt 0:02:48]} 31. Rc7 {[%emt 0:04:58]} Ke7 {[%emt 0:01:32]} 32. Kg2 {[%emt 0:01:11]} f6 {[%emt 0:02:08]} 33. Kf3 {[%emt 0:01:02]} b5 {[%emt 0:02:58] [#]} 34. axb5 $2 {[%emt 0:01:16]} (34. Rd2 $1 $18 {is the precise move to win.}) 34... Rxb5 {[%emt 0:00:07]} 35. Rd2 {[%emt 0:00:05]} Ke6 $2 {[%emt 0:02:28]} (35... Rb6 {is more resistant.} 36. Ra7 Rd6 37. Rxd6 Kxd6 38. Rxa5 Rxd7) 36. c4 {[%emt 0:02:23]} Rb4 {[%emt 0:02:50]} 37. c5 {[%emt 0:00:08]} Ke7 {[%emt 0:02:43]} 38. c6 {[%emt 0:00:24]} Rc4 {[%emt 0:03:32]} 39. Rd5 {[%emt 0:01:08]} a4 {[%emt 0:00:35]} 40. Ra5 {[%emt 0:01:13]} Rb4 {[%emt 0:02:38]} 41. Kg2 {[%emt 0:31:41]} Kd6 {[%emt 0:34:32]} 42. Rb7 {[%emt 0:00:09]} Rc4 {[%emt 0:00:00]} 43. Rb6 {[%emt 0:00:00]} Rxc6 {[%emt 0:00:00]} 44. Rxc6+ {[%emt 0:00:00]} Kxc6 {[%emt 0:00:00]} 45. Rxa4 {[%emt 0:00:00]} Rxd7 {[%emt 0:00:00]} 46. Ra3 {[%emt 0:00:00]} Rb7 {[%emt 0:00:00]} 47. Rc3+ {[%emt 0:00:00]} Kd5 {[%emt 0:00:00]} 48. Rc2 {[%emt 0:00:00]} Kd6 {[%emt 0:00:00]} 49. Kf3 {[%emt 0:00:00]} Ke6 {[%emt 0:00:00]} 50. Ke2 {[%emt 0:00:00]} Kf5 {[%emt 0:00:00]} 51. Kd1 {[%emt 0:00:00]} Ke4 {[%emt 0:00:00]} 52. Ke2 {[%emt 0:00:00]} Kf5 {[%emt 0:00:00]} 53. Kf3 $11 {[%emt 0:00:00]} Rb3+ {[%emt 0:00:00]} 54. Kg2 {[%emt 0:00:00]} Rb7 {[%emt 0:00:00]} 55. g4+ {[%emt 0:00:00]} Kg5 {[%emt 0:00:00]} 56. Kg3 {[%emt 0:00:00]} Rb3+ {[%emt 0:00:00]} 57. Kg2 {[%emt 0:00:00]} ({White should try} 57. Rc3 $1 $11 Rxb2 58. h4+ Kg6 59. h5+ Kf7 60. Rc7+ Kg8 61. Rc8+ Kh7 62. f3) 57... Rb7 {[%emt 0:00:00]} 58. f3 {[%emt 0:00:00] [#]} Kg6 {[%emt 0:00:00]} (58... Kh4 $1 $17 59. Re2 g6) 59. h4 {[%emt 0:00:00]} Kf7 {[%emt 0:00:00]} 60. Rd2 $11 1/2-1/2

[Event "GER-ch Youth U14 2020"]
[Site "Willingen"]
[Date "2020.10.23"]
[Round "5.18"]
[White "Bilous, Danylo"]
[Black "Fuhrmann, Bahne"]
[Result "0-1"]
[WhiteElo "1723"]
[BlackElo "1816"]
[Annotator "NA RC"]
[PlyCount "30"]
[EventDate "2020.10.20"]
[EventType "swiss"]
[EventRounds "7"]
[EventCountry "GER"]
[SourceTitle "playchess.com"]
[Source "ChessBase"]
[SourceQuality "1"]
[TimeControl "40/5400+30:1800+30"]

1. d4 Nf6 2. Nf3 e6 3. c4 a6 4. Nc3 d5 5. Bf4 Bd6 6. Bxd6 Qxd6 7. c5 Qe7 8. b4 Nc6 9. Qb3 O-O 10. e3 b6 11. Be2 Bb7 12. O-O Rfd8 13. cxb6 cxb6 14. b5 Na5 15. Qb2 axb5 0-1

[Event "GER-ch Youth U14 2020"]
[Site "Willingen"]
[Date "2020.10.23"]
[Round "5.19"]
[White "Lerchl, Clemens"]
[Black "Weidenhöfer, Max"]
[Result "0-1"]
[WhiteElo "1699"]
[BlackElo "1897"]
[Annotator "NA RC"]
[PlyCount "24"]
[EventDate "2020.10.20"]
[EventType "swiss"]
[EventRounds "7"]
[EventCountry "GER"]
[SourceTitle "playchess.com"]
[Source "ChessBase"]
[SourceQuality "1"]
[TimeControl "40/5400+30:1800+30"]

{[%evp 8,24,-56,-50,32767,32767,-25,-28,-25,-31,-19,-18,-26,-35,-2,-26,-9,-704,-705]} 1. e4 {[%emt 0:00:00]} c6 {[%emt 0:00:00]} 2. Nc3 {[%emt 0:00:00]} d5 {[%emt 0:00:00]} 3. Qe2 {[%emt 0:00:03]} d4 {[%emt 0:10:16]} 4. Nd1 {[%emt 0:00:17]} e5 {[%emt 0:03:13]} 5. d3 {[%emt 0:00:09]} Bd6 {[%emt 0:02:07]} 6. g3 {[%emt 0:00:19]} c5 {[%emt 0:06:40]} 7. f4 {[%emt 0:00:29]} Nc6 {[%emt 0:02:37]} 8. Nf3 {[%emt 0:00:38]} Qc7 {[%emt 0:05:25]} 9. f5 {[%emt 0:01:25]} Bd7 {[%emt 0:03:08]} 10. Nf2 {[%emt 0:01:13]} Qa5+ {[%emt 0:08:29]} 11. Qd2 {[%emt 0:04:40]} Nb4 {[%emt 0:06:11]} 12. a3 $2 {[%emt 0:05:02]} (12. c3 $11 Nc6 13. Qc2) 12... Nxc2+ $19 {[%emt 0:01:47] Double Attack} 0-1

[Event "GER-ch Youth U14 2020"]
[Site "Willingen"]
[Date "2020.10.23"]
[Round "5.20"]
[White "Raasch, Hauke"]
[Black "Englert, Luca"]
[Result "0-1"]
[WhiteElo "1676"]
[BlackElo "1530"]
[Annotator "NA RC"]
[PlyCount "102"]
[EventDate "2020.10.20"]
[EventType "swiss"]
[EventRounds "7"]
[EventCountry "GER"]
[SourceTitle "playchess.com"]
[Source "ChessBase"]
[SourceQuality "1"]
[TimeControl "40/5400+30:1800+30"]

1. d4 {[%emt 0:00:00]} g6 {[%emt 0:00:00]} 2. e4 {[%emt 0:00:00]} Bg7 {[%emt 0:00:00]} 3. Nc3 {[%emt 0:00:15]} d6 {[%emt 0:00:00]} 4. f4 {[%emt 0:00:17]} Nf6 {[%emt 0:00:00]} 5. a3 {[%emt 0:00:14]} O-O {[%emt 0:00:01]} 6. Nf3 {[%emt 0:00:08]} Nbd7 {[%emt 0:00:37]} 7. Be3 {[%emt 0:01:03]} Ng4 {[%emt 0:00:36]} 8. Qd2 {[%emt 0:00:41]} Nxe3 {[%emt 0:00:36]} 9. Qxe3 {[%emt 0:00:07]} c5 {[%emt 0:00:07]} 10. Be2 {[%emt 0:15:17]} cxd4 {[%emt 0:00:44]} 11. Nxd4 {[%emt 0:01:07]} Qb6 {[%emt 0:00:16]} 12. O-O-O {[%emt 0:09:29]} e5 {[%emt 0:01:49]} 13. Nd5 {[%emt 0:00:41]} Qc5 {[%emt 0:00:19]} 14. b4 {[%emt 0:04:31]} Qxd4 {[%emt 0:04:16]} 15. Rxd4 {[%emt 0:00:16]} exd4 {[%emt 0:00:07]} 16. Qf2 {[%emt 0:05:26]} a5 {[%emt 0:01:03]} 17. Nc7 {[%emt 0:07:53]} Ra7 {[%emt 0:00:41]} 18. b5 {[%emt 0:02:04]} b6 {[%emt 0:00:43]} 19. Nd5 {[%emt 0:01:17]} Bb7 {[%emt 0:02:03]} 20. Re1 {[%emt 0:10:14]} Bxd5 {[%emt 0:01:52]} 21. exd5 {[%emt 0:00:10]} Rc7 {[%emt 0:00:14]} 22. Bd3 {[%emt 0:08:31]} Nc5 {[%emt 0:01:04]} 23. Kd2 {[%emt 0:09:33]} Rfc8 {[%emt 0:00:46]} 24. Qe2 {[%emt 0:05:45]} f5 {[%emt 0:01:12]} 25. Qd1 {[%emt 0:05:13]} Kf7 {[%emt 0:02:02]} 26. Re2 {[%emt 0:03:45]} Bf6 {[%emt 0:02:04]} 27. g3 {[%emt 0:03:06]} Na4 {[%emt 0:00:45]} 28. Re6 {[%emt 0:02:55]} Be7 {[%emt 0:01:01]} 29. g4 {[%emt 0:02:38]} Nb2 {[%emt 0:02:02]} 30. Qb1 {[%emt 0:00:49]} Nxd3 {[%emt 0:00:48]} 31. cxd3 {[%emt 0:00:07]} fxg4 {[%emt 0:00:26]} 32. Qb2 {[%emt 0:01:11]} Rc3 {[%emt 0:00:20]} 33. a4 {[%emt 0:00:30]} R8c5 {[%emt 0:00:46]} 34. Qa2 {[%emt 0:00:21]} h5 {[%emt 0:01:33]} 35. Re4 {[%emt 0:00:43]} h4 {[%emt 0:01:09]} 36. Rxd4 {[%emt 0:01:04]} g3 {[%emt 0:00:50]} 37. hxg3 {[%emt 0:00:08]} hxg3 {[%emt 0:00:37]} 38. Rc4 {[%emt 0:00:47]} R5xc4 {[%emt 0:01:27]} 39. dxc4 {[%emt 0:00:16]} g2 {[%emt 0:00:31]} 40. Qb1 {[%emt 0:00:07]} Rg3 {[%emt 0:00:19]} 41. Qg1 {[%emt 0:02:54]} Bf6 {[%emt 0:00:17]} 42. Kc2 {[%emt 0:14:51]} Bd4 {[%emt 0:00:33]} 43. Qe1 {[%emt 0:00:16]} Rc3+ {[%emt 0:00:55]} 44. Kd2 {[%emt 0:01:27]} Re3 {[%emt 0:00:33]} 45. Qd1 {[%emt 0:01:56]} g1=Q {[%emt 0:01:18]} 46. Qxg1 {[%emt 0:00:06]} Re2+ {[%emt 0:00:07]} 47. Kxe2 {[%emt 0:00:26]} Bxg1 {[%emt 0:00:03]} 48. Kf3 {[%emt 0:00:30]} Kf6 {[%emt 0:00:06]} 49. Kg2 {[%emt 0:00:20]} Bd4 {[%emt 0:00:13]} 50. Kf3 {[%emt 0:00:11]} Kf5 {[%emt 0:00:05]} 51. Kg3 {[%emt 0:00:21]} Be3 {[%emt 0:00:26]} 0-1

[Event "GER-ch Youth U14 2020"]
[Site "Willingen"]
[Date "2020.10.23"]
[Round "5.21"]
[White "Pfeffer, Samuel"]
[Black "Wiedersich, Hendryk"]
[Result "1-0"]
[WhiteElo "1427"]
[BlackElo "1570"]
[Annotator "NA RC"]
[PlyCount "53"]
[EventDate "2020.10.20"]
[EventType "swiss"]
[EventRounds "7"]
[EventCountry "GER"]
[SourceTitle "playchess.com"]
[Source "ChessBase"]
[SourceQuality "1"]
[TimeControl "40/5400+30:1800+30"]

1. d4 {[%emt 0:00:00]} d5 {[%emt 0:00:00]} 2. c4 {[%emt 0:01:16]} c6 {[%emt 0:00:00]} 3. Nf3 {[%emt 0:01:33]} Nf6 {[%emt 0:00:00]} 4. cxd5 {[%emt 0:01:23]} cxd5 {[%emt 0:00:12]} 5. Nc3 {[%emt 0:01:45]} a6 {[%emt 0:00:12]} 6. Bf4 {[%emt 0:01:38]} Nc6 {[%emt 0:01:46]} 7. Rc1 {[%emt 0:02:05]} Bg4 {[%emt 0:00:26]} 8. Ne5 {[%emt 0:02:29]} Rc8 {[%emt 0:04:43]} 9. Nxg4 {[%emt 0:02:58]} Nxg4 {[%emt 0:00:17]} 10. h3 {[%emt 0:02:18]} Nf6 {[%emt 0:00:08]} 11. e3 {[%emt 0:02:17]} e6 {[%emt 0:01:02]} 12. Bd3 {[%emt 0:04:16]} Bd6 {[%emt 0:00:48]} 13. Bxd6 {[%emt 0:03:30]} Qxd6 {[%emt 0:00:53]} 14. O-O {[%emt 0:01:37]} O-O {[%emt 0:00:21]} 15. a3 {[%emt 0:02:07]} b5 {[%emt 0:01:40]} 16. Rc2 {[%emt 0:03:45]} Rc7 {[%emt 0:04:46]} 17. Qb1 {[%emt 0:02:23]} Rfc8 {[%emt 0:01:09]} 18. Rfc1 {[%emt 0:02:50]} Na5 {[%emt 0:02:31]} 19. b3 {[%emt 0:03:25]} g6 {[%emt 0:05:25]} 20. Qb2 {[%emt 0:04:34]} e5 {[%emt 0:04:04]} 21. Nxb5 {[%emt 0:04:26]} axb5 {[%emt 0:07:28]} 22. dxe5 {[%emt 0:02:30]} Rxc2 {[%emt 0:01:46]} 23. Rxc2 {[%emt 0:02:03]} Rxc2 {[%emt 0:00:41]} 24. Bxc2 {[%emt 0:00:18]} Qb6 {[%emt 0:04:32]} 25. exf6 {[%emt 0:01:12]} Qe6 {[%emt 0:03:14]} 26. Qc3 {[%emt 0:02:45]} Nc6 {[%emt 0:00:10]} 27. Bd3 {[%emt 0:01:05]} 1-0

[Event "GER-ch Youth U14 2020"]
[Site "Willingen"]
[Date "2020.10.23"]
[Round "5.22"]
[White "Bock, Marlon"]
[Black "Schwartz, Oliver"]
[Result "0-1"]
[WhiteElo "1776"]
[BlackElo "1794"]
[Annotator "NA RC"]
[PlyCount "100"]
[EventDate "2020.10.20"]
[EventType "swiss"]
[EventRounds "7"]
[EventCountry "GER"]
[SourceTitle "playchess.com"]
[Source "ChessBase"]
[SourceQuality "1"]
[TimeControl "40/5400+30:1800+30"]

1. e4 {[%emt 0:00:00]} c5 {[%emt 0:00:00]} 2. Nc3 {[%emt 0:00:00]} Nc6 {[%emt 0:00:21]} 3. Nge2 {[%emt 0:00:15]} g6 {[%emt 0:00:53]} 4. g3 {[%emt 0:01:12]} Bg7 {[%emt 0:01:09]} 5. Bg2 {[%emt 0:00:46]} e6 {[%emt 0:02:25]} 6. h4 {[%emt 0:02:00]} h5 {[%emt 0:07:02]} 7. d3 {[%emt 0:03:10]} Nge7 {[%emt 0:03:18]} 8. Bg5 {[%emt 0:04:19]} d6 {[%emt 0:05:20]} 9. O-O {[%emt 0:03:02]} O-O {[%emt 0:01:21]} 10. Qd2 {[%emt 0:02:38]} Kh7 {[%emt 0:01:21]} 11. Rae1 {[%emt 0:04:49]} Rb8 {[%emt 0:03:33]} 12. Nd1 {[%emt 0:06:25]} b5 {[%emt 0:05:48]} 13. c3 {[%emt 0:05:26]} Qa5 {[%emt 0:11:42]} 14. b4 {[%emt 0:11:28]} Qa3 {[%emt 0:09:25]} 15. bxc5 {[%emt 0:05:32]} dxc5 {[%emt 0:00:21]} 16. Bf4 {[%emt 0:02:28]} Rb7 {[%emt 0:04:38]} 17. Bd6 {[%emt 0:03:37]} Rd8 {[%emt 0:02:30]} 18. e5 {[%emt 0:02:50]} Rbd7 {[%emt 0:09:25]} 19. f4 {[%emt 0:02:46]} Bb7 {[%emt 0:01:54]} 20. d4 {[%emt 0:01:31]} Nf5 {[%emt 0:01:37]} 21. dxc5 {[%emt 0:16:44]} Qxc5+ {[%emt 0:00:52]} 22. Bxc5 {[%emt 0:00:23]} Rxd2 {[%emt 0:00:05]} 23. Nf2 {[%emt 0:02:53]} Bf8 {[%emt 0:04:51]} 24. Ne4 {[%emt 0:02:39]} Rxa2 {[%emt 0:02:33]} 25. Nc1 {[%emt 0:03:31]} Rc2 {[%emt 0:02:54]} 26. Nb3 {[%emt 0:01:58]} Nxg3 {[%emt 0:03:22]} 27. Nxg3 {[%emt 0:05:31]} Rxc3 {[%emt 0:00:07]} 28. Bxf8 {[%emt 0:01:41]} Rxg3 {[%emt 0:00:24]} 29. Nc5 {[%emt 0:00:18]} Ba8 {[%emt 0:03:57]} 30. Ne4 {[%emt 0:01:31]} Rxg2+ {[%emt 0:01:56]} 31. Kxg2 {[%emt 0:00:07]} Rxf8 {[%emt 0:00:03]} 32. Kg3 {[%emt 0:00:54]} Nd4 {[%emt 0:02:32]} 33. Nd6 {[%emt 0:00:58]} Bd5 {[%emt 0:02:03]} 34. Ra1 {[%emt 0:00:48]} Nf5+ {[%emt 0:03:11]} 35. Nxf5 {[%emt 0:01:18]} gxf5 {[%emt 0:01:05]} 36. Rg1 {[%emt 0:01:36]} Rg8+ {[%emt 0:01:41]} 37. Kf2 {[%emt 0:00:07]} Rg4 {[%emt 0:00:14]} 38. Rxg4 {[%emt 0:01:11]} fxg4 {[%emt 0:00:15]} 39. Rxa7 {[%emt 0:00:06]} Kg6 {[%emt 0:00:08]} 40. Ra3 {[%emt 0:00:55]} b4 {[%emt 0:02:02]} 41. Ra4 {[%emt 0:30:31]} b3 {[%emt 0:30:33]} 42. Rb4 {[%emt 0:00:05]} f6 {[%emt 0:00:00]} 43. exf6 {[%emt 0:00:00]} Kxf6 {[%emt 0:00:00]} 44. Rb8 {[%emt 0:00:00]} Ke7 {[%emt 0:00:00]} 45. Ke3 {[%emt 0:00:00]} g3 {[%emt 0:00:00]} 46. Kd2 {[%emt 0:00:00]} Kf7 {[%emt 0:00:00]} 47. Ke2 {[%emt 0:00:00]} g2 {[%emt 0:00:00]} 48. Kf2 {[%emt 0:00:00]} Kf6 {[%emt 0:00:00]} 49. Rb4 {[%emt 0:00:00]} Ke7 {[%emt 0:00:00]} 50. Rb8 {[%emt 0:00:00]} Kd7 {[%emt 0:00:00]} 0-1

[Event "GER-ch Youth U14 2020"]
[Site "Willingen"]
[Date "2020.10.23"]
[Round "6.1"]
[White "Laux, Dominik"]
[Black "Bakiev, Diyor"]
[Result "1/2-1/2"]
[WhiteElo "2009"]
[BlackElo "2070"]
[Annotator "ChessBase"]
[PlyCount "82"]
[EventDate "2020.10.20"]
[EventType "swiss"]
[EventRounds "7"]
[EventCountry "GER"]
[SourceTitle "playchess.com"]
[Source "ChessBase"]
[SourceQuality "1"]
[TimeControl "40/5400+30:1800+30"]

1. d4 {[%emt 0:00:00]} d5 {[%emt 0:00:00]} 2. Bf4 {[%emt 0:00:39]} c5 {[%emt 0:00:00]} 3. e3 {[%emt 0:00:33]} cxd4 {[%emt 0:00:00]} 4. exd4 {[%emt 0:00:12]} Nc6 {[%emt 0:00:00]} 5. c3 {[%emt 0:01:54]} Bf5 {[%emt 0:00:21]} 6. Nf3 {[%emt 0:01:25]} e6 {[%emt 0:00:13]} 7. Qb3 {[%emt 0:04:24]} Qd7 {[%emt 0:00:09]} 8. Nbd2 {[%emt 0:02:06]} f6 {[%emt 0:00:10]} 9. h4 {[%emt 0:06:48]} h5 {[%emt 0:03:47]} 10. Be2 {[%emt 0:04:13]} Nge7 {[%emt 0:02:42]} 11. O-O {[%emt 0:06:01]} Ng6 {[%emt 0:02:46]} 12. Bg3 {[%emt 0:00:56]} a6 {[%emt 0:13:09]} 13. c4 {[%emt 0:03:56]} Na5 {[%emt 0:07:21]} 14. Qe3 {[%emt 0:01:41]} Kf7 {[%emt 0:07:03]} 15. Rac1 {[%emt 0:04:14]} Bd6 {[%emt 0:07:43]} 16. Bd3 {[%emt 0:07:55]} Ne7 {[%emt 0:05:17]} 17. Bxd6 {[%emt 0:06:10]} Qxd6 {[%emt 0:01:05]} 18. c5 {[%emt 0:06:50]} Qc7 {[%emt 0:05:00]} 19. b4 {[%emt 0:03:41]} Nac6 {[%emt 0:00:32]} 20. Rb1 {[%emt 0:01:24]} Bxd3 {[%emt 0:03:58]} 21. Qxd3 {[%emt 0:00:21]} Nf5 {[%emt 0:00:41]} 22. Rfd1 {[%emt 0:08:22]} Rhg8 {[%emt 0:09:39]} 23. a4 {[%emt 0:04:24]} a5 {[%emt 0:03:39]} 24. b5 {[%emt 0:01:38]} Nb4 {[%emt 0:00:12]} 25. Qc3 {[%emt 0:04:57]} Qf4 {[%emt 0:04:38]} 26. g3 {[%emt 0:01:37]} Qg4 {[%emt 0:01:52]} 27. Nf1 {[%emt 0:01:06]} g5 {[%emt 0:07:24]} 28. hxg5 {[%emt 0:02:44]} Qh3 {[%emt 0:01:48]} 29. N1h2 {[%emt 0:01:46]} fxg5 {[%emt 0:03:05]} 30. Kh1 {[%emt 0:03:37]} Nh6 {[%emt 0:02:22]} 31. Ng1 {[%emt 0:03:11]} Qf5 {[%emt 0:00:07]} 32. Qf3 {[%emt 0:00:11]} g4 {[%emt 0:01:47]} 33. Qxf5+ {[%emt 0:03:09]} Nxf5 {[%emt 0:00:11]} 34. Ne2 {[%emt 0:01:03]} Rae8 {[%emt 0:01:05]} 35. Nf1 {[%emt 0:01:14]} e5 {[%emt 0:03:00]} 36. Rb2 {[%emt 0:00:54]} exd4 {[%emt 0:02:34]} 37. Nxd4 {[%emt 0:00:17]} Nxd4 {[%emt 0:00:34]} 38. Rxd4 {[%emt 0:00:02]} Re1 {[%emt 0:00:08]} 39. Kg2 {[%emt 0:01:14]} Ra1 {[%emt 0:00:17]} 40. Ne3 {[%emt 0:02:28]} Rg5 {[%emt 0:02:02]} 41. Nc2 {[%emt 0:08:16]} Rxa4 {[%emt 0:05:38]} 1/2-1/2

[Event "GER-ch Youth U14 2020"]
[Site "Willingen"]
[Date "2020.10.23"]
[Round "6.2"]
[White "Costa, Leonardo"]
[Black "Albert, Markus"]
[Result "0-1"]
[WhiteElo "2165"]
[BlackElo "1727"]
[Annotator "ChessBase"]
[PlyCount "50"]
[EventDate "2020.10.20"]
[EventType "swiss"]
[EventRounds "7"]
[EventCountry "GER"]
[SourceTitle "playchess.com"]
[Source "ChessBase"]
[SourceQuality "1"]
[TimeControl "40/5400+30:1800+30"]

1. e4 {[%emt 0:00:00]} e5 {[%emt 0:00:23]} 2. Bc4 {[%emt 0:00:00]} Nc6 {[%emt 0:01:46]} 3. Nf3 {[%emt 0:00:48]} Nf6 {[%emt 0:01:15]} 4. d3 {[%emt 0:00:19]} Be7 {[%emt 0:02:28]} 5. O-O {[%emt 0:00:10]} O-O {[%emt 0:00:21]} 6. Re1 {[%emt 0:00:08]} d6 {[%emt 0:00:44]} 7. a4 {[%emt 0:00:07]} Kh8 {[%emt 0:01:00]} 8. Nbd2 {[%emt 0:16:06]} Ng8 {[%emt 0:06:36]} 9. Nf1 {[%emt 0:04:23]} f5 {[%emt 0:03:22]} 10. exf5 {[%emt 0:05:03]} Bxf5 {[%emt 0:02:07]} 11. h3 {[%emt 0:00:27]} Nf6 {[%emt 0:09:46]} 12. Ng3 {[%emt 0:00:50]} Bg6 {[%emt 0:00:48]} 13. Nh4 {[%emt 0:04:51]} Qe8 {[%emt 0:07:06]} 14. Nxg6+ {[%emt 0:02:25]} Qxg6 {[%emt 0:01:54]} 15. Ba2 {[%emt 0:02:25]} Rad8 {[%emt 0:06:25]} 16. c3 {[%emt 0:08:44]} d5 {[%emt 0:17:07]} 17. Bb1 {[%emt 0:11:59]} Bd6 {[%emt 0:07:45]} 18. Re3 {[%emt 0:08:40]} e4 {[%emt 0:06:43]} 19. Ne2 {[%emt 0:09:34]} Bc5 {[%emt 0:02:33]} 20. d4 {[%emt 0:01:06]} Bd6 {[%emt 0:00:29]} 21. Ng3 {[%emt 0:08:15]} Bf4 {[%emt 0:01:38]} 22. Re1 {[%emt 0:00:06]} Bxg3 {[%emt 0:00:32]} 23. fxg3 {[%emt 0:00:04]} Qxg3 {[%emt 0:00:09]} 24. Bc2 {[%emt 0:04:53]} Ng4 {[%emt 0:03:20]} 25. Bg5 {[%emt 0:02:34]} Qh2# 0-1

[Event "GER-ch Youth U14 2020"]
[Site "Willingen"]
[Date "2020.10.23"]
[Round "6.3"]
[White "Haack, Kevin"]
[Black "Bui, Bao Anh Le"]
[Result "0-1"]
[WhiteElo "2209"]
[BlackElo "2149"]
[Annotator "TA"]
[PlyCount "108"]
[EventDate "2020.10.20"]
[EventType "swiss"]
[EventRounds "7"]
[EventCountry "GER"]
[SourceTitle "playchess.com"]
[Source "ChessBase"]
[SourceQuality "1"]

{[%evp 13,107,0,11,8,12,8,8,17,8,4,12,13,18,12,11,0,24,21,45,31,31,28,43,33,33,-142,-143,-136,-129,-134,-134,-132,-115,-129,-119,-170,-153,-191,-192,-192,-192,-229,-192,-229,-216,-352,-376,-335,-312,-469,-456,-618,-618,-1439,-1428,-1276,-1358,-720,-615,-596,-568,-1035,-1399,-29970,-29971,-29972,-29974,-29976,-29977,-29977,-29978,-29978,-29976,-29976,-29972,-29978,-29971,-29984,-29979,-29978,-29979,-29979,-29976,-12829,-11320,-1558,-1545,-1403,-1284,-29990,-29991,-29991,-29992,-29992,-29993,-29999]} 1. c4 Nf6 2. Nc3 e6 3. e4 d5 4. e5 d4 5. exf6 dxc3 6. bxc3 Qxf6 7. d4 b6 8. Be2 {is now more promising than 8.Nf3. A18: English Opening: Flohr-Mikenas System (1 c4 Nf6 2 Nc3 e6 3 e4).} Bb7 9. Bf3 Bxf3 10. Nxf3 {The position is equal.} Bd6 11. Qa4+ c6 12. O-O O-O 13. Re1 Rc8 14. Ng5 {[#]} Bf4 $146 ({Predecessor:} 14... Qf5 15. Ne4 Bc7 16. Bg5 a6 17. Be7 Nd7 18. Qb3 Qh5 19. h3 Re8 20. Bd6 Bxd6 21. Nxd6 {½-½ (38) Moroni,L (2549)-Pruijssers,R (2514) Ortisei 2018}) 15. Ne4 Qh6 16. h3 Bxc1 17. Raxc1 Nd7 18. c5 Qf4 19. Nd6 $2 (19. Qa3 $14 {stays ahead.}) 19... Nxc5 $1 $17 {[%mdl 64] Pin. White is on the road to losing.} 20. Qc4 Qxd6 21. dxc5 Qd5 22. Qb4 bxc5 23. Qa5 c4 24. Qa3 (24. Re5 $17 Qd2 25. Ree1) 24... Rd8 $19 25. Rcd1 Qxd1 26. Rxd1 Rxd1+ {[%mdl 4096] Endgame KQ-KRR} 27. Kh2 h6 28. Qa4 Rd2 29. Qxc4 (29. Kg1 {was the only chance.}) 29... Rb8 ({Don't do} 29... Rxf2 30. Kg1 $19) 30. Qxc6 Rxf2 31. Kg3 (31. a4 $142) 31... Rbb2 32. Qa8+ Kh7 33. Qxa7 Rxg2+ 34. Kf3 Rxa2 35. Qc7 Rgc2 36. Ke4 Ra3 37. c4 Rxh3 38. Qxf7 Rxc4+ 39. Ke5 {[#]} Rh5+ $1 {[%mdl 512]} 40. Kxe6 (40. Qxh5 Rc5+) 40... Rc6+ 41. Kd7 Rg6 42. Qf3 Ra5 43. Qd3 Raa6 44. Qf5 Raf6 45. Qe5 Rg5 46. Qe4+ Rgf5 47. Ke8 h5 48. Ke7 g5 49. Ke8 g4 50. Qe7+ {[#]} Rf7 $1 51. Qh4 (51. Qxf7+ Rxf7) 51... Rg7 {Black mates.} 52. Qg3 Kg8 {[%csl Gg8][%cal Rf5f8]} 53. Qb3+ Rff7 54. Qg3 Rf8# {Av CentiPawn Loss W=515/B=-42. Weighted=497/-40} 0-1